Paises con la "berenjena" mas grande - Estadísticas

Estadísticas generales
  • Esta prueba ha sido intentada 84 veces
  • La puntuación promedio es 7 de 16
Estadísticas de respuestas
Posición Tamaño (cm) País % Correcto
#6 15,89 Senegal
63%
#2 16,67 Camerún
61%
#4 16,47 Sudán
61%
#14 15,69 Egipto
56%
#11 15,74 Francia
56%
#12 15,73 Angola
51%
#15 15,68 Zimbabue
44%
#10 15,78 Zambia
42%
#1 17,61 Ecuador
40%
#3 16,51 Bolivia
36%
#13 15,71 Canadá
35%
#7 15,88 Gambia
32%
#5 16,01 Haití
32%
#9 15,87 Países Bajos
32%
#8 15,87 Cuba
31%
#16 15,61 Georgia
7%
No se encontraron pruebas coincidentes
Distribución de puntuación
Porcentaje de gente con cada puntuación
Porcentaje por número respondido
Historial de tus puntuaciones
No has intentado esta prueba.